Library Banner

Unlocking the mysteries of birth and death : Buddhism in the (Record no. 11292)

MARC details
000 -LEADER
fixed length control field 00417nam a2200169Ia 4500
001 - CONTROL NUMBER
control field 10276
008 - FIXED-LENGTH DATA ELEMENTS--GENERAL INFORMATION
fixed length control field 140328s9999 xx 000 0 und d
020 ## - INTERNATIONAL STANDARD BOOK NUMBER
International Standard Book Number 0-7515-1374-1
040 ## - CATALOGING SOURCE
Transcribing agency PK-LaUMT
082 ## - DEWEY DECIMAL CLASSIFICATION NUMBER
Classification number 294.3
Item number IKE-U
100 ## - MAIN ENTRY--PERSONAL NAME
Personal name Ikeda, Daisaku
245 ## - TITLE STATEMENT
Title Unlocking the mysteries of birth and death : Buddhism in the
Statement of responsibility, etc Ikeda, Daisaku
260 ## - PUBLICATION, DISTRIBUTION, ETC. (IMPRINT)
Date of publication, distribution, etc 1994
300 ## - PHYSICAL DESCRIPTION
Extent 218 p.
546 ## - LANGUAGE NOTE
Language note EN
942 ## - ADDED ENTRY ELEMENTS (KOHA)
Koha item type Books
Holdings
Withdrawn status Lost status Damaged status Not for loan Home library Current library Date acquired Total Checkouts Full call number Barcode Date last seen Date checked out Price effective from Koha item type
        UMT Main Campus UMT Main Campus 2014-03-28 1 294.3 IKE-U 10650 2024-06-22 2024-05-24 2014-03-28 Books